| 000 | 00369cam a22001337a 4500 | ||
|---|---|---|---|
| 008 | 180718b1999 xxu||||| |||| 00| 0 eng d | ||
| 082 | _aQ39 In4 (N) (R) | ||
| 245 |
_aNatural disaster management _cedited by Jon Ingleton |
||
| 260 |
_aLeicester _bTudor Rose _c1999 |
||
| 300 | _a320p. | ||
| 650 | _aDisaster preparedness | ||
| 650 | _aDisasters | ||
| 700 | _aIngleton, Jon | ||
| 999 |
_c394404 _d394404 |
||